000
00257nam a2200097Ia 4500
082
_a
AF VAN
245
0
_a
Wanneer die liefde sterf
100
_a
VAN WYK, Selma Pretoria, 1985
_9
99810
942
_c
BK
008
210817s9999 xx 000 0 und d
999
_c
425386
_d
425385